The social costs of air pollution in the greater Athens region

Saved in:
Bibliographic Details
Main Author: Πλέσσας, Δημήτριος Ι.
Format: Book
Language:English
Published: Athens : Center of Planning and Economic Research, 1980
Subjects:
Tags: Add Tag
No Tags, Be the first to tag this record!

MARC

LEADER 00000nam a2200000 i 4500
001 1/6881
008 960717s1980 eng d
035 |l 10016510 
040 |a GR-MY-UA  |b gre  |e aacr 
041 0 |a eng 
082 0 |a 363.73920949512 
100 1 |a Πλέσσας, Δημήτριος Ι. 
245 1 4 |a The social costs of air pollution in the greater Athens region /  |c Demetrius J. Plessas 
260 |a Athens :   |b Center of Planning and Economic Research,   |c 1980 
300 |a 174 p.  |b tables 
504 |a Includes bibliographical references 
650 0 0 |a Air  |x Pollution  |x Toxicology  |z Greece  |z Athens Metropolitan Area. 
650 0 0 |a Air  |x Pollution  |x Social aspects  |z Greece  |z Athens Metropolitan Area. 
650 0 0 |a Environmental health  |z Greece  |z Athens metropolitan area. 
852 |a INST  |b CHIOS  |e 19990111  |h 363.73920949512 ΠΛΕ  |p 005200006323  |q 005200006323  |t BK  |y 0 
852 |a INST  |b CHIOS  |e 19990304  |h 363.73920949512 ΠΛΕ  |p 005200014680  |q 005200014680  |t BK  |y 0 
852 |a INST  |b CHIOS  |e 19990111  |h 363.73920949512 ΠΛΕ  |p 005200015136  |q 005200015136  |t BK  |y 0 
852 |a INST  |b CHIOS  |e 19990111  |h 363.73920949512 ΠΛΕ  |p 005200015184  |q 005200015184  |t BK  |y 0 
852 |a INST  |b LESVOS  |e 19960717  |h 363.73920949512 ΠΛΕ  |p 005100003924  |q 005100003924  |t BK  |y 0 
909 |a Λ  |b 015086 
909 |a X  |b 000317 
909 |a X  |b 055140 
909 |a X  |b 055190 
909 |a Χ  |b 055503 
922 |a 2ΔΩΡ  |b 199901  |d ΛΕΜΟΝΙΑ